Каменоделецът (Запис номер 187445)
[ съкратено ]
| 000 -Лидер | |
|---|---|
| Контролно поле с фиксирана дължина | 01318nam a2200361 a 4500 |
| 003 - Код на организацията, давaща контролен номер | |
| Контролно поле | BLK |
| 005 - Дата и час на последна редакция | |
| Контролно поле | 20250102131755.0 |
| 008 - Елементи от данни с фиксирана дължина | |
| fixed length control field | 180411b bul|||||r ||||||| ||bul|| |
| 010 ## - Наследен системен номер | |
| LC control number | KNG00196454000 |
| 020 ## - Международен стандартен номер на книга ISBN | |
| Международен стандартен номер на книга ISBN | 978-619-150-207-3 |
| 040 ## - Източник на каталожния запис | |
| Идентификатор на билиотеката - собственик на записа | BLK |
| 041 ## - Код за език | |
| Код за езика на текст/звукозапис или на отделно заглавие | Български |
| Код за езика КДБФ | Български |
| 080 ## - УДК | |
| Текстов определител УДК | Шведска литература |
| УДК код - определител по УДК | 821.113.6 |
| УДК определител | -312.4 |
| УДК - код + определител | 821.113.6-312.4 |
| 100 1# - Редна дума - Автор | |
| Автор | Лекберг, Камила |
| Авторска отговорност | първи автор |
| R(LIN) | 88268 |
| 139 ## - Редно поле | |
| Редна дума | Лекберг, Камила |
| Авторски знак | Лек - Л 41 |
| 245 10 - Сведения за заглавието | |
| Заглавие | Каменоделецът |
| Подзаглавни данни | Роман |
| Редно поле (дума) | Камила Лекберг ; прев. от швед. Неда Димова-Бренстрьом. |
| 257 ## - Страна на издаване | |
| Страна на създаване/издаване | Швеция |
| 260 ## - Област на издателските данни | |
| Място на издаване, разпространение и проч. | София |
| Име на издателя, разпространителя и проч. | Колибри |
| Година на издаване | 2013 |
| Печатница | София : Инвестпрес |
| 300 ## - Физическа характеристика | |
| Страници | 415 с. |
| Размери/Мащаб | 20 см |
| 380 ## - Жанр | |
| Жанр | Худож. лит. |
| 490 ## - СЕРИИ (Колекции) | |
| Име на серия | Съвременни трилъри |
| 9 (RLIN) | 203127 |
| 500 ## - Общи забележки | |
| Забележка | Ориг. загл. Stenhuggaren / Camilla Lackberg. |
| 700 1# - Други автори (авторска отговорност) | |
| Лично име | Димова-Бренстрьом, Неда Андреева |
| Автороска отговорност (Описва отношението между автора и произведението) | прев. от швед. |
| 9 (RLIN) | 370139 |
| 852 ## - Местоположение | |
| Форматна сигнатура | Цб 283238 |
| 852 ## - Местоположение | |
| Фондова буква | Заемна - подръчен фонд |
| Систематично-азбучна сигнатура | 821-31/Л 41 К |
| 856 4# - Електронен адрес и достъп | |
| Електронен формат | pdf - файл |
| 856 4# - Електронен адрес и достъп | |
| Електронен формат | pdf - файл |
| 999 ## - СИСТЕМНИ КОНТРОЛНИ НОМЕРА | |
| Koha biblionumber | 187445 |
| Koha biblioitemnumber | 187445 |
| 942 ## - АРТИКУЛИ | |
| Вид на библиотечния материал | Книги |
| Скрит в OPAC | Не |
| Koha issues (borrowed), all copies | 58 |
| Периодичен библиозапис | Да |
| 944 ## - СЪЗДАВАНЕ И РЕДАКЦИЯ на ЗАПИСА | |
| Създаване/Редакция | Създаване |
| Дата на регистрацията/редакция | 17.11.2016 |
| Статус, дата на статуса | Цветомила Тодорова |
| Служител, извършил регистрацията/редакцията | 30576 |
| 944 ## - СЪЗДАВАНЕ И РЕДАКЦИЯ на ЗАПИСА | |
| Създаване/Редакция | Редакция |
| Дата на регистрацията/редакция | 2021-07-26 |
| Служител, извършил регистрацията/редакцията | ГГГ |
| 999 ## - СИСТЕМНИ КОНТРОЛНИ НОМЕРА | |
| Koha biblioitemnumber | 187445 |
| 999 ## - СИСТЕМНИ КОНТРОЛНИ НОМЕРА | |
| Koha biblioitemnumber | 187445 |
| Код за отписване | Код за изгубен артикул | Код за повреда | Коз за рестрикции | Код за отдаване | Артикулен № | Име на библиотеката - собственик | Име на библиотеката, в която се намира в момента | Статус (Текущо местоположение) | Дата на вписване в системата | Местоположение - отдел | Цена в лева | Инвентарен номер | Систематично азбучна сигнатура | Баркод | Номер на екземпляра | Цена в евро | Служебна бележка | Служебен тип на артикула | Източник на класификационната схема |
|---|---|---|---|---|---|---|---|---|---|---|---|---|---|---|---|---|---|---|---|
| Не е изгубен | Не е повреден | без рестрикции | ползва се в читалня | 327293 | Регионална библиотека "Любен Каравелов" Русе | Регионална библиотека "Любен Каравелов" Русе | Хранилище | 2016-11-17 | Хранилище | 17.00 | 120000805860 | Цб 283238 | 120000805860 | 1 | 8.69 | Дост: Dp Вид: Д N: 44 Дата: 07.10.2016 | Книги | ||
| Изтеглен | Не е изгубен | Не е повреден | без рестрикции | заемане за дома | 327294 | Регионална библиотека "Любен Каравелов" Русе | Регионална библиотека "Любен Каравелов" Русе | Заемна - подръчен фонд | 2017-08-28 | Заемна - подръчен фонд | 17.00 | 120000814469 | П 839-31/Л 41 | 120000814469 | 2 | 8.69 | Дост: Pk Вид: Ф N: 494 Дата: 15.08.2017 Дата инв: 16.02.2018 Бележки инв: П2018 | Книги | Universal Decimal Classification |
| Не е изгубен | Не е повреден | без рестрикции | заемане за дома | 844759 | Регионална библиотека "Любен Каравелов" Русе | Регионална библиотека "Любен Каравелов" Русе | Количка | 2021-07-26 | Заемна - подръчен фонд | 11.90 | 821-31/Л 41 К | 120000859259 | 6.08 | Книги | Universal Decimal Classification | ||||
| Не е изгубен | Не е повреден | без рестрикции | заемане за дома | 928803 | Регионална библиотека "Любен Каравелов" Русе | Регионална библиотека "Любен Каравелов" Русе | Заемна - подръчен фонд | 2023-05-19 | Заемна - подръчен фонд | 8.50 | 120000888000 | 821-31/Л 41 К | 120000888000 | 4.35 | Книги | Universal Decimal Classification |